000 00544nam a2200229Ia 4500
003 OSt
005 20220912151417.0
006 a|||||r|||| 00| 0
007 ta
008 220909b |||||||| |||| 00| 0 eng d
024 _a62681
037 _cTextual
040 _aCSL
_beng
_cCSL
041 _aeng
082 _aAx, N4
245 0 _aIndian national science academy award lectures (1984-1993
260 _c1994
300 _a999-1991p.
_ccm.
650 _aScience
942 _hAx, N4
_cTEXL
_2CC
999 _c67840
_d67840